Pays qui finissent par O - Statistiques

Statistiques générales
  • Ce quiz a été pris 273 fois
  • Le résultat moyen est 3 sur 5
Statistiques - réponses
Hint Réponse % Correct
T Togo
89%
L Lésotho
74%
C Congo
72%
T Trinité-et-Tobago
59%
M Monténégro
49%
Aucun quiz correspondant
Distribution des résultats
% des personnes avec chaque résultat
Percentile par nombre de réponses
Votre historique - résultats
Vous n’avez pas pris ce quiz